[Event "Armenia ch 2007"]
[Site "Yerevan ARM"]
[Date "2007.01.19"]
[Round "4.5"]
[White "Minasian, Artashes"]
[Black "Karatorossian, David"]
[Result "1-0"]
[WhiteElo "2595"]
[BlackElo "2375"]
[PlyCount "89"]
[EventDate "2007.01.16"]
[EventType "tourn"]
[EventRounds "11"]
[EventCountry "ARM"]
[EventCategory "11"]
[Source "lmi"]
[SourceDate "2007.01.16"]

1. g3 Nf6 2. Bg2 g6 3. e4 d6 4. d4 Bg7 5. Ne2 e5 6. O-O O-O 7. Nbc3 c6 8. h3
Nbd7 9. Be3 exd4 10. Bxd4 Nb6 11. a4 Re8 12. b3 Qc7 13. f4 a5 14. Kh2 d5 15.
exd5 Nbxd5 16. Bxd5 Nxd5 17. Nxd5 cxd5 18. Bxg7 Kxg7 19. Qd4+ Kg8 20. Nc3 Be6
21. Rf2 Rac8 22. Nb5 Qc5 23. Rd1 Qxd4 24. Rxd4 Rcd8 25. g4 f6 26. Rfd2 Re7 27.
c4 Red7 28. f5 gxf5 29. gxf5 Bxf5 30. cxd5 Kf7 31. d6 Rc8 32. Nc7 Rg8 33. Rd5
Be6 34. Rb5 Rb8 35. Rb6 h6 36. Rd4 Bf5 37. Rf4 Be6 38. Re4 Bf5 39. Re3 Bg6 40.
Kg3 Bf5 41. Kf4 Bg6 42. Rc3 Rbd8 43. Nb5 Re8 44. Rc7 Re4+ 45. Kf3 1-0

[Event "Armenia ch 2007"]
[Site "Yerevan ARM"]
[Date "2007.01.19"]
[Round "4.6"]
[White "Asrian, Karen"]
[Black "Andriasian, Zaven"]
[Result "1/2-1/2"]
[WhiteElo "2634"]
[BlackElo "2508"]
[PlyCount "78"]
[EventDate "2007.01.16"]
[EventType "tourn"]
[EventRounds "11"]
[EventCountry "ARM"]
[EventCategory "11"]
[Source "lmi"]
[SourceDate "2007.01.16"]

1. e4 c5 2. Nf3 d6 3. d4 cxd4 4. Nxd4 Nf6 5. Nc3 a6 6. Be3 e5 7. Nb3 Be7 8. Be2
O-O 9. O-O Be6 10. Qd2 Nbd7 11. a4 Rc8 12. a5 Qc7 13. Rfc1 Nc5 14. Nxc5 dxc5
15. Nd5 Bxd5 16. exd5 e4 17. Bf4 Bd6 18. Bxd6 Qxd6 19. Rd1 Nd7 20. Ra3 f5 21.
Rb3 Rb8 22. f4 exf3 23. Bxf3 Rfe8 24. Kh1 Re7 25. h3 g6 26. c4 Rbe8 27. Qf2 b6
28. axb6 Nxb6 29. Rc3 a5 30. Rcc1 a4 31. Re1 Rxe1+ 32. Rxe1 Rxe1+ 33. Qxe1 Nxc4
34. Qe8+ Kg7 35. Qxa4 Ne5 36. Qf4 Qf6 37. Qe3 Nd7 38. Qa3 Qd6 39. Qa7 Kf6
1/2-1/2

[Event "Armenia ch 2007"]
[Site "Yerevan ARM"]
[Date "2007.01.20"]
[Round "5.1"]
[White "Andriasian, Zaven"]
[Black "Anastasian, Ashot"]
[Result "1-0"]
[WhiteElo "2508"]
[BlackElo "2587"]
[PlyCount "125"]
[EventDate "2007.01.16"]
[EventType "tourn"]
[EventRounds "11"]
[EventCountry "ARM"]
[EventCategory "11"]
[Source "lmi"]
[SourceDate "2007.01.16"]

1. e4 c6 2. d4 d5 3. Nc3 dxe4 4. Nxe4 Bf5 5. Ng3 Bg6 6. Bc4 e6 7. N1e2 Bd6 8.
h4 h6 9. Nf4 Bxf4 10. Bxf4 Nf6 11. h5 Bh7 12. c3 Nbd7 13. a4 Nd5 14. Bxd5 cxd5
15. Qg4 Qf6 16. Bd6 Qg5 17. Qe2 Qd8 18. O-O Nf6 19. Ba3 Qd7 20. Bc5 a6 21. Rfc1
Rc8 22. b3 Qc7 23. Qe3 Qd7 24. Ra2 Rc6 25. b4 Rc8 26. Re1 Qc7 27. a5 Qd7 28.
Rb2 Rc6 29. b5 axb5 30. Rxb5 Qc7 31. Qe2 Nd7 32. Bb4 Nf6 33. Qf3 Kd7 34. Bc5
Ra8 35. c4 Rxa5 36. Bb6 Rxb6 37. Rxa5 Qxc4 38. Qf4 Qc7 39. Qe3 Rc6 40. Ra8 Rc3
41. Qe2 Bd3 42. Qb2 Ne8 43. Ra3 Rxa3 44. Qxa3 Ba6 45. Qf8 Qf4 46. Re3 Nd6 47.
Qxg7 Ke7 48. Rf3 Ne8 49. Qh8 Qg5 50. Re3 Qf6 51. Qh7 Nd6 52. Rf3 Qg5 53. Qc2
Bc4 54. Qb2 Kf8 55. Qa3 Qe7 56. Re3 b5 57. Qc5 Ne8 58. Qc8 Qc7 59. Qa8 b4 60.
Nf5 b3 61. Qa3+ Kg8 62. Rg3+ Kh8 63. Qf8+ 1-0

[Event "Armenia ch 2007"]
[Site "Yerevan ARM"]
[Date "2007.01.20"]
[Round "5.2"]
[White "Karatorossian, David"]
[Black "Asrian, Karen"]
[Result "0-1"]
[WhiteElo "2375"]
[BlackElo "2634"]
[PlyCount "96"]
[EventDate "2007.01.16"]
[EventType "tourn"]
[EventRounds "11"]
[EventCountry "ARM"]
[EventCategory "11"]
[Source "lmi"]
[SourceDate "2007.01.16"]

1. e4 c5 2. Nf3 Nc6 3. d4 cxd4 4. Nxd4 Qc7 5. Nc3 e6 6. Be3 Nf6 7. Bd3 a6 8.
O-O b5 9. Kh1 Bb7 10. Nxc6 Bxc6 11. a3 h5 12. f4 Qb7 13. Qf3 b4 14. axb4 Bxb4
15. Qe2 Bxc3 16. bxc3 Bxe4 17. Bxa6 Rxa6 18. Qxa6 Bxg2+ 19. Kg1 O-O 20. Qxb7
Bxb7 21. Bd4 Ne4 22. Rfb1 Bc6 23. Rb4 f6 24. Kf1 e5 25. Be3 Nxc3 26. Rb3 Ne4
27. c4 exf4 28. Bxf4 g5 29. Be3 Kf7 30. Ke2 Ke6 31. Ra5 h4 32. Bd4 Kf7 33. Kd3
Re8 34. Rb2 Kg6 35. Ra1 f5 36. Ra5 f4 37. h3 Nd6 38. Re5 Ra8 39. Bc5 Nf7 40.
Re1 Kf5 41. Kd4 f3 42. Bb6 Nd6 43. Bc7 Ne4 44. Rb8 Nf2 45. Re5+ Kg6 46. Ke3
Nd1+ 47. Kd2 f2 48. Ke2 Bg2 0-1

[Event "Armenia ch 2007"]
[Site "Yerevan ARM"]
[Date "2007.01.20"]
[Round "5.3"]
[White "Nalbandian, Tigran"]
[Black "Minasian, Artashes"]
[Result "1-0"]
[WhiteElo "2523"]
[BlackElo "2595"]
[PlyCount "99"]
[EventDate "2007.01.16"]
[EventType "tourn"]
[EventRounds "11"]
[EventCountry "ARM"]
[EventCategory "11"]
[Source "lmi"]
[SourceDate "2007.01.16"]

1. d4 g6 2. c4 Bg7 3. Nf3 c5 4. d5 d6 5. e4 Nf6 6. Nc3 O-O 7. Bd3 e6 8. h3 Na6
9. Bg5 exd5 10. cxd5 h6 11. Bf4 Re8 12. O-O c4 13. Bc2 Nh5 14. Bh2 Qb6 15. Ba4
Rd8 16. Rb1 Nb4 17. Nd2 Qc5 18. g4 Nd3 19. gxh5 Bxh3 20. Nxc4 Bxf1 21. Qxf1
Nxf2 22. Kg2 Ng4 23. Bg1 Qc8 24. Bd1 Ne5 25. Nxe5 Bxe5 26. Be3 Kg7 27. Be2 Qd7
28. Qf2 Rg8 29. Rh1 Kh7 30. Kf1 a6 31. hxg6+ Rxg6 32. Qf5 Qxf5+ 33. exf5 Rf6
34. Rh5 Rc8 35. Ne4 Bxb2 36. Nxf6+ Bxf6 37. Bxh6 Rc2 38. a3 Kg8 39. Bf4 Rc5 40.
Bf3 Rc3 41. Kg2 Rxa3 42. Bxd6 Ra2+ 43. Kg3 b5 44. Rh6 Bc3 45. f6 Ra4 46. Be7
Be5+ 47. Kg2 Ra2+ 48. Kf1 a5 49. Rh5 Bd4 50. Be4 1-0

[Event "Armenia ch 2007"]
[Site "Yerevan ARM"]
[Date "2007.01.20"]
[Round "5.4"]
[White "Chibukhchian, Artur"]
[Black "Minasian, Ara"]
[Result "1/2-1/2"]
[WhiteElo "2410"]
[BlackElo "2457"]
[PlyCount "48"]
[EventDate "2007.01.16"]
[EventType "tourn"]
[EventRounds "11"]
[EventCountry "ARM"]
[EventCategory "11"]
[Source "lmi"]
[SourceDate "2007.01.16"]

1. c4 e5 2. g3 Nf6 3. Bg2 c6 4. Nf3 e4 5. Nd4 d5 6. cxd5 Qb6 7. Nc2 cxd5 8. O-O
Be7 9. d3 Nc6 10. Nc3 O-O 11. dxe4 dxe4 12. Ne3 Rd8 13. Ned5 Nxd5 14. Nxd5 Qc5
15. Bxe4 Be6 16. b4 Nxb4 17. Be3 Rxd5 18. Bxc5 Rxd1 19. Bxe7 Rxa1 20. Rxa1 Nc6
21. Bc5 Rd8 22. Bxc6 bxc6 23. Bxa7 Ra8 24. Bc5 Rxa2 1/2-1/2

[Event "Armenia ch 2007"]
[Site "Yerevan ARM"]
[Date "2007.01.20"]
[Round "5.5"]
[White "Kotanjian, Tigran"]
[Black "Yegiazarian, Arsen"]
[Result "1-0"]
[WhiteElo "2524"]
[BlackElo "2498"]
[PlyCount "105"]
[EventDate "2007.01.16"]
[EventType "tourn"]
[EventRounds "11"]
[EventCountry "ARM"]
[EventCategory "11"]
[Source "lmi"]
[SourceDate "2007.01.16"]

1. d4 Nf6 2. c4 e6 3. Nc3 Bb4 4. Qc2 c5 5. dxc5 O-O 6. a3 Bxc5 7. Nf3 b6 8. Bf4
Nh5 9. Bg5 Be7 10. h4 Bb7 11. e4 d6 12. O-O-O Nd7 13. Nb5 f6 14. Nxd6 Bxd6 15.
Rxd6 fxg5 16. Qd1 Nc5 17. Rxd8 Raxd8 18. Qe1 Nf4 19. Ne5 Bxe4 20. b4 Bxg2 21.
Rh2 Bxf1 22. Qxf1 Ncd3+ 23. Nxd3 Rxd3 24. hxg5 Rfd8 25. f3 Rxa3 26. Kb1 Rad3
27. Ka2 Rd1 28. Qf2 Nd3 29. Qh4 Kf7 30. Qxh7 Nxb4+ 31. Ka3 a5 32. Rh1 R1d3+ 33.
Ka4 Na6 34. Rb1 R3d4 35. Rxb6 Nc5+ 36. Kb5 Nd7 37. Rb7 Rc8 38. Qh5+ Ke7 39. Qg6
Rc5+ 40. Ka6 Rd6+ 41. Ka7 Kf8 42. Qh5 a4 43. Qh8+ Ke7 44. Qxg7+ Kd8 45. Qc3
Rcc6 46. Qa5+ Kc8 47. Qxa4 Nc5 48. Rb8+ Kd7 49. Qb5 e5 50. Rb6 Kc7 51. Rxc6+
Rxc6 52. g6 Nd7 53. g7 1-0

[Event "Armenia ch 2007"]
[Site "Yerevan ARM"]
[Date "2007.01.20"]
[Round "5.6"]
[White "Petrosian, Tigran L"]
[Black "Pashikian, Arman"]
[Result "1-0"]
[WhiteElo "2592"]
[BlackElo "2532"]
[PlyCount "171"]
[EventDate "2007.01.16"]
[EventType "tourn"]
[EventRounds "11"]
[EventCountry "ARM"]
[EventCategory "11"]
[Source "lmi"]
[SourceDate "2007.01.16"]

1. d4 Nf6 2. Bg5 e6 3. Nf3 c5 4. e3 h6 5. Bh4 Be7 6. Nbd2 b6 7. Bd3 Bb7 8. O-O
O-O 9. c3 cxd4 10. cxd4 Nc6 11. a3 Rc8 12. Qa4 Nh5 13. d5 exd5 14. Bxe7 Qxe7
15. Rad1 a6 16. Qb3 b5 17. Qxd5 Nf6 18. Qf5 Rfe8 19. Bb1 d6 20. Qf4 Rcd8 21.
Nd4 Qe5 22. Qxe5 dxe5 23. N4b3 a5 24. Nc5 Ba8 25. Nf3 Kf8 26. a4 bxa4 27. Bc2
e4 28. Nd2 Rb8 29. Rb1 Nb4 30. Bxa4 Red8 31. Ndb3 Bc6 32. Nxa5 Bxa4 33. Nxa4
Ra8 34. Nb7 Rd2 35. Nbc5 Rad8 36. Nb3 R2d3 37. Nd4 Rc8 38. Rfc1 Rxc1+ 39. Rxc1
Rd2 40. Nb3 Rd8 41. Nac5 Rb8 42. Rd1 g6 43. h3 Kg7 44. Rd2 h5 45. Kf1 Nc6 46.
Ke2 Ne5 47. Kd1 Nc4 48. Rc2 Ne5 49. Nd2 Nd3 50. Ndxe4 Rxb2 51. Nxd3 Rb1+ 52.
Rc1 Rxc1+ 53. Nxc1 Nxe4 54. Ke2 Kf6 55. Nb3 Ke6 56. Nd2 Nc5 57. Kf3 Nd3 58. Ke2
Nc5 59. f3 f6 60. Nb1 g5 61. Nc3 Ke5 62. g3 Ke6 63. Nd1 Nd7 64. Nf2 Nb6 65. Nd3
Nc4 66. h4 Nd6 67. e4 Nc4 68. f4 gxh4 69. f5+ Kf7 70. gxh4 Kg7 71. Nf4 Kh6 72.
Ne6 Ne5 73. Ke3 Kh7 74. Nd4 Nc4+ 75. Ke2 Ne5 76. Nf3 Ng4 77. Kd3 Kg7 78. Kd4
Kf7 79. Ne1 Ne5 80. Ng2 Kg7 81. Nf4 Nf3+ 82. Ke3 Nxh4 83. Kf2 Kh6 84. Ne6 Nxf5
85. exf5 h4 86. Kg2 1-0

[Event "Armenia ch 2007"]
[Site "Yerevan ARM"]
[Date "2007.01.21"]
[Round "6.1"]
[White "Anastasian, Ashot"]
[Black "Pashikian, Arman"]
[Result "0-1"]
[WhiteElo "2587"]
[BlackElo "2532"]
[PlyCount "136"]
[EventDate "2007.01.16"]
[EventType "tourn"]
[EventRounds "11"]
[EventCountry "ARM"]
[EventCategory "11"]
[Source "lmi"]
[SourceDate "2007.01.16"]

1. d4 Nf6 2. c4 e6 3. Nc3 Bb4 4. Nf3 d5 5. cxd5 exd5 6. Bg5 O-O 7. e3 c5 8.
dxc5 Nbd7 9. Rc1 Qa5 10. Nd2 b6 11. Be2 bxc5 12. O-O Bxc3 13. bxc3 Qxa2 14. Bf3
Ne5 15. Bxf6 gxf6 16. c4 Nxf3+ 17. Nxf3 dxc4 18. Qd6 Be6 19. Qxc5 Rfd8 20. Nd4
Qa6 21. Qe7 Kg7 22. Rfd1 Re8 23. Qc7 Rac8 24. Qg3+ Kh8 25. Qf3 Kg7 26. Ra1 Qb6
27. Rdb1 Qc5 28. Rb5 Qd6 29. h3 c3 30. Qd1 Kh8 31. Qf3 f5 32. Rc1 Rg8 33. g3 a6
34. Ra5 Qb6 35. Raa1 Rc5 36. Qf4 a5 37. Rab1 Qc7 38. Qh4 Qd8 39. Qf4 Qc7 40.
Qh4 Qd8 41. Qh5 Qf6 42. Rb6 Qe5 43. Qh4 Rc4 44. Kh2 Rgc8 45. Ra6 a4 46. Qh6
Rxd4 47. exd4 Qe2 48. Kg1 Qxa6 49. d5 Qe2 50. Qf6+ Kg8 51. Qg5+ Kh8 52. Qf6+
Kg8 53. Qg5+ Kf8 54. Qh6+ Ke7 55. Qh4+ Kf8 56. Qh6+ Ke8 57. dxe6 Qxe6 58. Qxh7
Qf6 59. Qh5 Kf8 60. Rc2 a3 61. Qd1 Qe6 62. Qa1 Qb3 63. Qc1 Rc6 64. Kh2 a2 65.
Re2 c2 66. Re3 Qd5 67. Qa1 f6 68. Qe1 c1=Q 0-1

[Event "Armenia ch 2007"]
[Site "Yerevan ARM"]
[Date "2007.01.21"]
[Round "6.2"]
[White "Yegiazarian, Arsen"]
[Black "Petrosian, Tigran L"]
[Result "1/2-1/2"]
[WhiteElo "2498"]
[BlackElo "2592"]
[PlyCount "111"]
[EventDate "2007.01.16"]
[EventType "tourn"]
[EventRounds "11"]
[EventCountry "ARM"]
[EventCategory "11"]
[Source "lmi"]
[SourceDate "2007.01.16"]

1. e4 c5 2. Nf3 d6 3. d4 cxd4 4. Nxd4 Nf6 5. Nc3 a6 6. h3 b5 7. Nd5 Bb7 8.
Nxf6+ gxf6 9. c4 e5 10. Ne2 Bxe4 11. Nc3 Bb7 12. cxb5 d5 13. Qb3 a5 14. b6 Bc6
15. Bb5 Bb4 16. O-O d4 17. Bxc6+ Nxc6 18. Nd5 Qd6 19. Bh6 O-O-O 20. Nxb4 Qxb4
21. Qxf7 Qd6 22. Bg7 Rd7 23. Qxf6 Rg8 24. Rac1 Kb7 25. Rxc6 Qxc6 26. Qxc6+ Kxc6
27. Bxe5 d3 28. Rd1 Kxb6 29. f4 Rc8 30. Kf2 Rc2+ 31. Kf3 Kc5 32. g4 a4 33. f5
a3 34. bxa3 Kc4 35. f6 Re2 36. Bf4 Rxa2 37. g5 Rxa3 38. h4 d2+ 39. Kg4 Kd5 40.
Kf5 Kc6 41. Rxd2 Rxd2 42. Bxd2 Kd7 43. h5 Rh3 44. Bb4 Rh2 45. Bc5 Rh1 46. Ke5
Re1+ 47. Kd5 Rd1+ 48. Ke5 Re1+ 49. Kd5 Rd1+ 50. Bd4 Rh1 51. h6 Rd1 52. Ke5 Ke8
53. Bc3 Kf7 54. Bd4 Kg6 55. Be3 Rf1 56. Ke4 1/2-1/2

[Event "Armenia ch 2007"]
[Site "Yerevan ARM"]
[Date "2007.01.21"]
[Round "6.3"]
[White "Minasian, Ara"]
[Black "Kotanjian, Tigran"]
[Result "1/2-1/2"]
[WhiteElo "2457"]
[BlackElo "2524"]
[PlyCount "201"]
[EventDate "2007.01.16"]
[EventType "tourn"]
[EventRounds "11"]
[EventCountry "ARM"]
[EventCategory "11"]
[Source "lmi"]
[SourceDate "2007.01.16"]

1. e4 c5 2. Nf3 d6 3. Bb5+ Nd7 4. O-O Ngf6 5. Re1 a6 6. Bf1 b6 7. d3 Bb7 8.
Nbd2 e5 9. c3 Be7 10. d4 cxd4 11. cxd4 O-O 12. a3 exd4 13. Nxd4 Re8 14. b4 Bf8
15. f3 d5 16. exd5 Nxd5 17. Ne4 Ne5 18. Bb2 g6 19. Qb3 Nf4 20. Rad1 Bd5 21. Qc2
Bg7 22. Qd2 Qh4 23. Qf2 Qxf2+ 24. Nxf2 Nc4 25. Rxe8+ Rxe8 26. Bc1 Ne3 27. Bxe3
Rxe3 28. g3 Ne6 29. Nc2 Rc3 30. Rxd5 Rxc2 31. Ne4 f5 32. Rd6 Nd4 33. Ng5 Kf8
34. Ne6+ Nxe6 35. Rxe6 Kf7 36. Rd6 Ke7 37. Rd1 b5 38. f4 Bb2 39. Rd3 Rc1 40.
Kf2 Ra1 41. Rb3 Bxa3 42. Bg2 Ra2+ 43. Kf1 Bc1 44. Bd5 Ra4 45. Ke2 Ba3 46. Re3+
Kf8 47. Rc3 Bxb4 48. Rc7 h6 49. Rf7+ Ke8 50. Rf6 Bc5 51. Rxg6 Rd4 52. Bb7 a5
53. Ra6 a4 54. Bc6+ Ke7 55. Bxb5 a3 56. Bd3 Rb4 57. Bxf5 Rb2+ 58. Kf3 a2 59.
Be6 a1=Q 60. Rxa1 Kxe6 61. Ra6+ Bd6 62. h4 Rb5 63. Ra8 h5 64. Rh8 Be7 65. Rh6+
Bf6 66. Rh7 Bd8 67. Rh6+ Kf7 68. Rd6 Bf6 69. Rd3 Rb1 70. g4 Rf1+ 71. Kg2 Rxf4
72. gxh5 Ke6 73. h6 Be5 74. Rf3 Rg4+ 75. Kh3 Rg6 76. h5 Rxh6 77. Kg4 Rh8 78.
Rh3 Rg8+ 79. Kf3 Rf8+ 80. Kg4 Rf4+ 81. Kg5 Rf1 82. Kg4 Rf4+ 83. Kg5 Rf2 84. Kg4
Rg2+ 85. Kf3 Rg7 86. h6 Rh7 87. Kg4 Kf6 88. Rh5 Bd4 89. Rf5+ Ke6 90. Ra5 Be3
91. Ra6+ Ke5 92. Kh5 Bd2 93. Rb6 Rh8 94. Rc6 Bf4 95. Ra6 Kf5 96. Ra5+ Be5 97.
Rxe5+ Kxe5 98. Kg6 Rg8+ 99. Kf7 Ra8 100. h7 Kf5 101. Kg7 1/2-1/2

[Event "Armenia ch 2007"]
[Site "Yerevan ARM"]
[Date "2007.01.21"]
[Round "6.4"]
[White "Minasian, Artashes"]
[Black "Chibukhchian, Artur"]
[Result "1-0"]
[WhiteElo "2595"]
[BlackElo "2410"]
[PlyCount "80"]
[EventDate "2007.01.16"]
[EventType "tourn"]
[EventRounds "11"]
[EventCountry "ARM"]
[EventCategory "11"]
[Source "lmi"]
[SourceDate "2007.01.16"]

1. e4 c5 2. Nf3 e6 3. d4 cxd4 4. Nxd4 a6 5. c4 Nf6 6. Nc3 Bb4 7. Nc2 Bxc3+ 8.
bxc3 Qa5 9. Qd3 Qe5 10. f3 d5 11. Ba3 dxe4 12. Qe3 Nbd7 13. f4 Qc7 14. Rd1 b6
15. Bd6 Qc6 16. Nb4 Qa4 17. Rd2 Bb7 18. Be2 Qa5 19. O-O O-O-O 20. Rfd1 Rhe8 21.
Rd4 Nc5 22. Qg3 e3 23. Qxe3 Nfe4 24. Bf3 Qa4 25. h3 a5 26. Nd3 f5 27. Bxc5 bxc5
28. Nxc5 Qc6 29. Bxe4 fxe4 30. Rb1 Ba8 31. Rb5 Rxd4 32. cxd4 Kd8 33. Rxa5 Re7
34. Ra6 Qc8 35. Qa3 Bc6 36. d5 exd5 37. cxd5 Bxd5 38. Rd6+ Ke8 39. Rxd5 Qb8 40.
Qa4+ Kf7 1-0

[Event "Armenia ch 2007"]
[Site "Yerevan ARM"]
[Date "2007.01.21"]
[Round "6.5"]
[White "Asrian, Karen"]
[Black "Nalbandian, Tigran"]
[Result "1-0"]
[WhiteElo "2634"]
[BlackElo "2523"]
[PlyCount "155"]
[EventDate "2007.01.16"]
[EventType "tourn"]
[EventRounds "11"]
[EventCountry "ARM"]
[EventCategory "11"]
[Source "lmi"]
[SourceDate "2007.01.16"]

1. e4 e5 2. Nf3 Nf6 3. Nxe5 d6 4. Nf3 Nxe4 5. d4 d5 6. Bd3 Nc6 7. O-O Be7 8. c4
Nf6 9. h3 O-O 10. Nc3 Nb4 11. Be2 dxc4 12. Bxc4 Nbd5 13. Re1 c6 14. Bg5 Bf5 15.
Ne5 Bg6 16. Qf3 Ne8 17. Bxe7 Nxe7 18. d5 b5 19. Nxg6 Nxg6 20. Bb3 b4 21. Ne4
cxd5 22. Rad1 Nf6 23. Nxf6+ Qxf6 24. Qxf6 gxf6 25. Rxd5 a5 26. Re4 a4 27. Bd1
Rfb8 28. Rd2 a3 29. Bb3 Ra5 30. g3 f5 31. Red4 Nf8 32. bxa3 bxa3 33. Rd5 Rba8
34. Rxa5 Rxa5 35. Rd6 Kg7 36. Kf1 h5 37. Ke2 Ne6 38. Bxe6 Re5+ 39. Kf3 Rxe6 40.
Rd5 Rc6 41. Rxf5 Rc3+ 42. Kg2 Rc2 43. Rxh5 Rxa2 44. Ra5 Ra1 45. Kf3 Rh1 46. h4
Ra1 47. Ra6 Kg8 48. Kf4 Ra2 49. f3 Kg7 50. g4 Rh2 51. Kg3 Ra2 52. h5 Ra1 53. g5
a2 54. Kg2 Kg8 55. f4 Kg7 56. Ra7 Kg8 57. Ra8+ Kh7 58. Ra7 Kg8 59. f5 Rb1 60.
Rxa2 Rb5 61. Ra8+ Kh7 62. g6+ fxg6 63. hxg6+ Kh6 64. Rh8+ Kg7 65. Rh7+ Kg8 66.
Rf7 Rb3 67. Kf2 Ra3 68. Ke2 Rg3 69. Ra7 Rg5 70. Ra5 Rg3 71. Kf2 Rg4 72. Kf3 Rg1
73. Kf4 Kg7 74. Ra7+ Kf8 75. Ke5 Rb1 76. Kf6 Rb6+ 77. Kg5 Rb5 78. Kh6 1-0

[Event "Armenia ch 2007"]
[Site "Yerevan ARM"]
[Date "2007.01.21"]
[Round "6.6"]
[White "Andriasian, Zaven"]
[Black "Karatorossian, David"]
[Result "0-1"]
[WhiteElo "2508"]
[BlackElo "2375"]
[PlyCount "230"]
[EventDate "2007.01.16"]
[EventType "tourn"]
[EventRounds "11"]
[EventCountry "ARM"]
[EventCategory "11"]
[Source "lmi"]
[SourceDate "2007.01.16"]

1. e4 e6 2. d4 d5 3. Nd2 Nf6 4. e5 Nfd7 5. c3 c5 6. Bd3 b6 7. Nh3 Ba6 8. Bxa6
Nxa6 9. Nf4 b5 10. O-O Nb6 11. Qg4 Qd7 12. a4 bxa4 13. b3 cxd4 14. cxd4 g6 15.
bxa4 Rc8 16. a5 Nc4 17. Nxc4 Rxc4 18. Rd1 Be7 19. h3 Nb4 20. Rb1 Qa4 21. Be3
Qxa5 22. Rdc1 Qc7 23. Rxc4 Qxc4 24. Rc1 Qa6 25. Bd2 h5 26. Qg3 Nc6 27. Qe3 Kd7
28. Nd3 Qa3 29. Kh2 Rc8 30. Rc3 Qa4 31. Nc5+ Bxc5 32. Rxc5 Rc7 33. Qf3 Kc8 34.
Qc3 Kd7 35. Be3 Qb4 36. Qd3 Rb7 37. Qd1 Rc7 38. Qd3 Qa4 39. Qc3 Rb7 40. Qd3 Qb3
41. Qa6 Rb6 42. Qe2 Qb1 43. Qf3 Qf5 44. Qd1 Qe4 45. Qc1 Qd3 46. Rc3 Qb5 47. Bg5
Qb4 48. Rf3 Ke8 49. Qf4 Rb7 50. Qf6 Qf8 51. Rc3 Kd7 52. Qf4 Kc7 53. Qc1 Rb6 54.
Rc5 Kb7 55. Qa3 Qe8 56. Bd2 Qd7 57. Bc3 a6 58. Bb2 Rb5 59. Rc1 Qe7 60. Qc3 Qd7
61. Ba3 Na5 62. Bb4 Nc4 63. Bc5 a5 64. Qf3 Kb8 65. Qf6 Rb7 66. Ra1 Rb5 67. Qh8+
Kb7 68. Qf8 Rb2 69. Ba3 Rb3 70. Bd6 Nxd6 71. exd6 Rb6 72. g3 a4 73. h4 Rxd6 74.
Rxa4 Qxa4 75. Qxd6 Qxd4 76. Qd7+ Kb6 77. Qxf7 Qe4 78. Qf8 Kb5 79. Qa3 d4 80.
Qb3+ Kc5 81. Qa4 Kd6 82. Qb4+ Kc6 83. Qa4+ Kc5 84. Qa3+ Kc4 85. Qa2+ Kc3 86.
Qa3+ Kd2 87. Qb2+ Ke1 88. Kg1 d3 89. Qc1+ Ke2 90. Qb1 Qe5 91. Kg2 Qd5+ 92. Kg1
Qe4 93. Qc1 Qf5 94. Qf1+ Kd2 95. Qb1 Qd5 96. Qb2+ Ke1 97. Qc1+ Ke2 98. Qf1+ Kd2
99. Qb1 e5 100. Qb2+ Ke1 101. Qc1+ Ke2 102. Qf1+ Kd2 103. Qb1 Qc5 104. Kg2 Qc6+
105. f3 Qc2 106. Qa1 e4 107. fxe4 Ke3+ 108. Kh3 Qc8+ 109. Kg2 Qc2+ 110. Kh3 d2
111. Qg1+ Kd3 112. Qf1+ Kd4 113. Qa1+ Kd3 114. Qf1+ Kc3 115. Qa1+ Kb3 0-1

[Event "Armenia ch 2007"]
[Site "Yerevan ARM"]
[Date "2007.01.22"]
[Round "7.1"]
[White "Karatorossian, David"]
[Black "Anastasian, Ashot"]
[Result "1/2-1/2"]
[WhiteElo "2375"]
[BlackElo "2587"]
[PlyCount "207"]
[EventDate "2007.01.16"]
[EventType "tourn"]
[EventRounds "11"]
[EventCountry "ARM"]
[EventCategory "11"]
[Source "lmi"]
[SourceDate "2007.01.16"]

1. e4 c5 2. Nf3 d6 3. d4 cxd4 4. Nxd4 a6 5. c4 Nf6 6. Nc3 e6 7. Be3 b6 8. Be2
Bb7 9. f3 Be7 10. O-O O-O 11. Qd2 Nc6 12. Nxc6 Bxc6 13. Rfd1 Qb8 14. a4 Rd8 15.
Qc2 Nd7 16. b4 a5 17. b5 Bb7 18. Rac1 Qc7 19. Nb1 Nc5 20. Nd2 Bf6 21. Qa2 h6
22. Nb3 g5 23. Rc2 Qe7 24. Bf2 Be5 25. Bg3 Qf6 26. Rcd2 Bxg3 27. hxg3 Qe5 28.
Nxc5 Qxc5+ 29. Kf1 Kf8 30. Qb2 Ke7 31. Qd4 Rac8 32. Qxc5 Rxc5 33. Kf2 h5 34.
Rh1 g4 35. Ke3 Rg5 36. Rh4 gxf3 37. gxf3 e5 38. Rd1 Bc8 39. Rdh1 Rxg3 40. Rxh5
Rgg8 41. R5h2 Be6 42. Rc1 Rc8 43. Bd3 Rc5 44. Rhc2 Rh8 45. Rg2 d5 46. exd5 Bxd5
47. Rg5 Be6 48. Rg2 Rcc8 49. Rgc2 Kd6 50. c5+ Rxc5 51. Rxc5 bxc5 52. b6 Rb8 53.
Rb1 f5 54. Ba6 f4+ 55. Ke2 Bd5 56. Rd1 Ke6 57. Rh1 Bb3 58. Rh6+ Kd5 59. Kd3 c4+
60. Kc3 Kc5 61. b7 Bxa4 62. Re6 Bc6 63. Rxe5+ Kb6 64. Bxc4 Rxb7 65. Rf5 Bxf3
66. Rxf4 Bc6 67. Rf6 Rd7 68. Bd3 Re7 69. Bc4 Re5 70. Kd4 Rg5 71. Be2 Kc7 72.
Rf7+ Bd7 73. Bc4 Kd6 74. Rf6+ Ke7 75. Ra6 a4 76. Kc3 Rg4 77. Kb4 Kd8 78. Kc5
Ke7 79. Bd5 Rg5 80. Ra7 Rh5 81. Kd4 Rh4+ 82. Kc5 Rh2 83. Ra6 Rc2+ 84. Kb4 Rd2
85. Bc4 Rd4 86. Kc5 Rh4 87. Bd5 Rh8 88. Ra8 Rh2 89. Ra6 Rb2 90. Ra7 Rb5+ 91.
Kc4 Rb6 92. Kc5 Rb1 93. Ra6 Rc1+ 94. Kb4 Be8 95. Bc4 Rd1 96. Kc5 Rd8 97. Re6+
Kf8 98. Rf6+ Ke7 99. Ra6 Rb8 100. Bd5 Kf8 101. Ra7 Rb2 102. Bc4 Rc2 103. Kb4
Bc6 104. Kc5 1/2-1/2

[Event "Armenia ch 2007"]
[Site "Yerevan ARM"]
[Date "2007.01.22"]
[Round "7.2"]
[White "Nalbandian, Tigran"]
[Black "Andriasian, Zaven"]
[Result "1/2-1/2"]
[WhiteElo "2523"]
[BlackElo "2508"]
[PlyCount "23"]
[EventDate "2007.01.16"]
[EventType "tourn"]
[EventRounds "11"]
[EventCountry "ARM"]
[EventCategory "11"]
[Source "lmi"]
[SourceDate "2007.01.16"]

1. Nf3 Nf6 2. g3 g6 3. Bg2 Bg7 4. O-O O-O 5. c4 d6 6. Nc3 e5 7. d3 Nc6 8. Rb1
a5 9. a3 h6 10. b4 axb4 11. axb4 Be6 12. b5 1/2-1/2

[Event "Armenia ch 2007"]
[Site "Yerevan ARM"]
[Date "2007.01.22"]
[Round "7.3"]
[White "Chibukhchian, Artur"]
[Black "Asrian, Karen"]
[Result "1/2-1/2"]
[WhiteElo "2410"]
[BlackElo "2634"]
[PlyCount "85"]
[EventDate "2007.01.16"]
[EventType "tourn"]
[EventRounds "11"]
[EventCountry "ARM"]
[EventCategory "11"]
[Source "lmi"]
[SourceDate "2007.01.16"]

1. c4 Nf6 2. Nf3 e6 3. d4 c5 4. d5 exd5 5. cxd5 d6 6. Nc3 g6 7. e4 a6 8. a4 Bg4
9. Be2 Bxf3 10. Bxf3 Nbd7 11. Bf4 Qe7 12. O-O Bg7 13. e5 Nxe5 14. Bxe5 dxe5 15.
d6 Qd7 16. Re1 O-O 17. Rxe5 Rad8 18. Rxc5 Qxd6 19. Qxd6 Rxd6 20. Rc7 b5 21.
axb5 axb5 22. Rb7 Nd7 23. Rxb5 Ne5 24. Bd5 Rfd8 25. h3 R6d7 26. Rd1 h5 27. Kf1
Nc6 28. Bxc6 Rxd1+ 29. Nxd1 Rxd1+ 30. Ke2 Rb1 31. Rb8+ Kh7 32. b4 Be5 33. Rb7
Kh6 34. Bd5 f6 35. b5 h4 36. Bc6 Kg5 37. Rd7 Kf4 38. Rd2 Rb4 39. Ra2 Bd4 40.
Kd3 f5 41. Re2 g5 42. Ra2 g4 43. hxg4 1/2-1/2

[Event "Armenia ch 2007"]
[Site "Yerevan ARM"]
[Date "2007.01.22"]
[Round "7.4"]
[White "Kotanjian, Tigran"]
[Black "Minasian, Artashes"]
[Result "1-0"]
[WhiteElo "2524"]
[BlackElo "2595"]
[PlyCount "75"]
[EventDate "2007.01.16"]
[EventType "tourn"]
[EventRounds "11"]
[EventCountry "ARM"]
[EventCategory "11"]
[Source "lmi"]
[SourceDate "2007.01.16"]

1. d4 e6 2. c4 b6 3. Nc3 Bb7 4. a3 f5 5. d5 Nf6 6. g3 Na6 7. Bg2 Nc5 8. Nh3 Bd6
9. O-O Be5 10. Qc2 O-O 11. Nf4 Qe7 12. Be3 Nce4 13. Nxe4 Nxe4 14. Rad1 Bxf4 15.
Bxf4 exd5 16. cxd5 d6 17. Rd4 Rae8 18. Rc1 Rf7 19. b4 Qf6 20. Rcd1 Rfe7 21. Bc1
Qf7 22. Bb2 Ba6 23. e3 Qh5 24. Re1 Qf7 25. Rc1 h5 26. Qd1 h4 27. Bf3 hxg3 28.
hxg3 Ng5 29. Bh5 g6 30. Bf3 Re4 31. Bg2 Qh7 32. Rxe4 fxe4 33. Qa4 Rf8 34. Qxa6
Nf3+ 35. Kf1 Qh2 36. Bxf3 Rxf3 37. Qc8+ Rf8 38. Qe6+ 1-0